000 00426nam a2200181Ia 4500
005 20240913125136.0
008 240913s9999||||xx |||||||||||||| ||und||
041 _aENGLISH
082 _A004,22 N7
100 _aPope,Alan
245 4 _aThe Corba Reference Guide
250 _a1st
260 _c1997
_bAWP,Menlo Park
500 _aREFERENCE
650 _aCorba
_bInformation Technology
942 _cREF
999 _c244890
_d244890